000 00392nam a2200109Ia 4500
008 171204s9999 xx 000 0 und d
245 _aIntelligent Multimedia Surveillance: Current Trends And Research:
245 _cAndrea Cavallaro, Mohan Kankanhalli, and Pradeep K. Atrey
260 _c2013
650 _xMultimedia System
856 _uhttp://down.ebook777.com/014/IntMulSurCurTreAndRes.pdf
999 _c345896
_d345896